Chí Phèo : Tập truyện

Trong tập truyện này, chúng ta sẽ gặp lại Chí Phèo - một kẻ ngang tàng, chuyên vạch mặt ăn vạ, nhưng phảng phất đâu đó niềm khát khao một cuộc sống lương thiện, gia đình hạnh phúc; một Hộ với cuộc sống “cơm áo gạo tiền ghì sát đất” mà l...

Полное описание

Сохранить в:
Библиографические подробности
Главный автор: Nam Cao
Формат:
Язык:Undetermined
Опубликовано: Hà Nội Văn hóa Dân tộc 2005
Предметы:
Метки: Добавить метку
Нет меток, Требуется 1-ая метка записи!
Thư viện lưu trữ: Trung tâm Học liệu Trường Đại học Cần Thơ
LEADER 01251nam a2200229Ia 4500
001 CTU_103887
008 210402s9999 xx 000 0 und d
020 |c 22000 
082 |a 895.922332 
082 |b N104 
100 |a Nam Cao 
245 0 |a Chí Phèo : 
245 0 |b Tập truyện 
245 0 |c Nam Cao 
260 |a Hà Nội 
260 |b Văn hóa Dân tộc 
260 |c 2005 
520 |a Trong tập truyện này, chúng ta sẽ gặp lại Chí Phèo - một kẻ ngang tàng, chuyên vạch mặt ăn vạ, nhưng phảng phất đâu đó niềm khát khao một cuộc sống lương thiện, gia đình hạnh phúc; một Hộ với cuộc sống “cơm áo gạo tiền ghì sát đất” mà lòng vẫn đeo mang hoài bão lớn; một nhà văn Điền tôn trọng vẻ đẹp của nghệ thuật và coi khinh những lo lắng vật chất tủn mủn; một bà lão vì nghèo đói mà quên sĩ diện để rồi chết vì “một bữa no”… 
650 |a Vietnamese fiction 
650 |y 20th century 
904 |i Minh 
980 |a Trung tâm Học liệu Trường Đại học Cần Thơ